| 000 | 00369nam a2200145Ia 4500 | ||
|---|---|---|---|
| 005 | 20260328104247.0 | ||
| 008 | 260328s9999||||xx |||||||||||||| ||und|| | ||
| 100 | _aTobar, Luis Alejandro | ||
| 245 | 0 |
_aCimientos Estructuras Cerramientos / _cLuis Alejandro Tobar |
|
| 250 | _aLImitada | ||
| 260 | _bEscala | ||
| 300 | _a162 p. | ||
| 650 | _aESTRUCTURAS | ||
| 942 | _cBK | ||
| 999 |
_c10093 _d10093 |
||